00837cam a2200157 a 4500020001800000020001500018050001900033100002600052245009400078250001400172260004800186300005700234500002200291505035200313650001400665 a9780495108337 a049510833200aQA331.3b.H84 1 aHungerford, Thomas W.10aContemporary precalculus :ba graphing approach /cThomas W. Hungerford, Douglas J. Shaw. a5e [ed.]. aBelmont, CA :bThomson Brooks/Cole,cc2009. a1 v. (various pagings) :bill. (some col.) ;c26 cm. aIncludes indexes. aBasics -- Graphs and technology -- Functions and graphs -- Polynomial and rational functions -- Exponential and logarithmic functions -- Trigonometric functions -- Trigonometric identies and equations -- Triangle trigonometry -- Applications of trigonmetry -- Analytic geometry -- Systems of equations -- Discrete algebra -- Limits and continuity. 0aFunctions